[Event "Serpiano op"]
[Site "Serpiano"]
[Date "2021.11.28"]
[Round "5"]
[White "Madhavan, Kailash"]
[Black "Visentin, Alberto"]
[Result "0-1"]
[WhiteElo "1413"]
[BlackElo "1522"]
[PlyCount "100"]
[EventDate "2021.11.27"]
[EventType "swiss"]
[EventRounds "5"]
[EventCountry "SUI"]
[SourceTitle "CBM 205 Extra"]
[Source "ChessBase"]
[SourceDate "2022.01.31"]
[SourceVersion "1"]
[SourceVersionDate "2022.01.31"]
[SourceQuality "1"]

1. d4 Nf6 2. Bf4 c5 3. e3 g6 4. Nf3 Bg7 5. c3 b6 6. Nbd2 Bb7 7. Bc4 d6 8. Qb3 0-0 9. Qc2 Nbd7 10. h3 a6 11. 0-0 Rc8 12. Qb3 b5 13. Be2 Qb6 14. a4 Bd5 15. Qc2 cxd4 16. exd4 b4 17. a5 Qb7 18. Qd3 Ra8 19. c4 Be6 20. Ng5 Bf5 21. Qe3 e5 22. dxe5 dxe5 23. Bh2 e4 24. f3 Rae8 25. Bd6 exf3 26. Qxf3 Qxf3 27. Bxf3 h6 28. Bxf8 Kxf8 29. Bb7 hxg5 30. Bxa6 Nc5 31. Bb5 Re2 32. Nf3 Nfe4 33. a6 Nxa6 34. Rxa6 Rxb2 35. Ra8+ Ke7 36. Re8+ Kd6 37. Rd1+ Kc5 38. Rd5+ Kb6 39. Ne5 Rb1+ 40. Kh2 Be6 41. Rd6+ Nxd6 42. Rb8+ Kc7 43. Ra8 Bxe5+ 44. g3 Rb2+ 45. Kh1 Nxb5 46. cxb5 Bd5+ 47. Kg1 Bxa8 48. Kf1 Bg2+ 49. Kg1 Bd4+ 50. Kh2 Bf1+ 0-1